This is the life! (Record no. 17103)

000 -LEADER
fixed length control field 00404nam a2200157 a 4500
001 - CONTROL NUMBER
control field :::00020823$&:&@@
003 - CONTROL NUMBER IDENTIFIER
control field OkBaRHE
005 - DATE AND TIME OF LATEST TRANSACTION
control field 20120203164213.0
008 - FIXED-LENGTH DATA ELEMENTS--GENERAL INFORMATION
fixed length control field s1973 j 000 0 eng u
040 ## - CATALOGING SOURCE
Transcribing agency
100 1# - MAIN ENTRY--PERSONAL NAME
Personal name Kennedy, D. James
9 (RLIN) 1946
Dates associated with a name 1930-2007.
Fuller form of name (Dennis James),
245 10 - TITLE STATEMENT
Title This is the life!
260 ## - PUBLICATION, DISTRIBUTION, ETC. (IMPRINT)
Place of publication, distribution, etc Glendale, CA
Name of publisher, distributor, etc Regal Books
Date of publication, distribution, etc 1973
300 ## - PHYSICAL DESCRIPTION
Extent 102 p.
942 ## - ADDED ENTRY ELEMENTS (KOHA)
Source of classification or shelving scheme
Koha item type Books
Copies
Damaged status Price effective from Source of classification or shelving scheme Barcode Koha item type Withdrawn status Lost status Date acquired Date last seen Copy number Full call number Permanent Location Shelving location Not for loan
 2010-04-14 20823Books  2010-04-142010-04-141BV 4501 .K4RHEMA Bible Training CollegeGeneral Stacks